Statystyki dla Kraje świata ze znikającą mapą

Kliknij tutaj aby rozwiązać quiz!

Ogólne statystyki

  • Ten quiz został rozwiązany 3 931 razy
  • Średni wynik to 128 z 196

Odpowiedzi na mapie

Odpowiedzi skodowane kolorowo w zielono-czerwonej skali na mapie do tego quizu, zgodnie z poniższymi procentami.
 

Statystyki odpowiedzi

Country% Poprawnych
Stany Zjednoczone
95%
Rosja
94%
Kanada
93%
Polska
93%
Chiny
91%
Francja
91%
Niemcy
91%
Brazylia
90%
Hiszpania
90%
Meksyk
90%
Ukraina
90%
Włochy
90%
Dania
89%
Norwegia
89%
Szwecja
89%
Australia
88%
Finlandia
88%
Litwa
88%
Portugalia
88%
Wielka Brytania
88%
Argentyna
87%
Białoruś
87%
Czechy
87%
Irlandia
87%
Japonia
87%
Łotwa
87%
Estonia
86%
Islandia
86%
Turcja
86%
Egipt
85%
Grecja
85%
Indie
85%
Słowacja
85%
Austria
84%
Belgia
84%
Chile
84%
Holandia
84%
Chorwacja
83%
Kazachstan
83%
Korea Północna
82%
Korea Południowa
82%
Rumunia
82%
Szwajcaria
82%
Madagaskar
81%
Węgry
81%
Albania
80%
Bośnia i Hercegowina
80%
Irak
80%
Iran
80%
Mongolia
80%
Republika Południowej Afryki
80%
Słowenia
80%
Arabia Saudyjska
79%
Bułgaria
79%
Kuba
79%
Luksemburg
78%
Maroko
78%
Peru
78%
Serbia
78%
Kolumbia
77%
Mołdawia
77%
Nowa Zelandia
77%
Niger
76%
Indonezja
75%
Kosowo
75%
Urugwaj
75%
Watykan
75%
Algieria
74%
Czarnogóra
74%
Macedonia Północna
74%
Malta
74%
Boliwia
73%
Cypr
73%
Demokratyczna Republika Konga
73%
Wenezuela
73%
Andora
72%
Nigeria
72%
Liechtenstein
71%
Dominika
70%
Filipiny
70%
Izrael
70%
Kongo
70%
Monako
70%
Oman
70%
San Marino
70%
Afganistan
69%
Pakistan
69%
Paragwaj
69%
Ekwador
68%
Libia
68%
Gruzja
67%
Panama
67%
Sudan
67%
Tunezja
67%
Wietnam
67%
Zjednoczone Emiraty Arabskie
66%
Dominikana
65%
Jemen
65%
Tajlandia
65%
Uzbekistan
65%
Armenia
64%
Czad
64%
Etiopia
64%
Katar
64%
Azerbejdżan
63%
Papua-Nowa Gwinea
63%
Somalia
63%
Syria
63%
Nepal
62%
Angola
61%
Gwinea
61%
Haiti
61%
Jamajka
61%
Sri Lanka
61%
Gujana
60%
Kenia
60%
Malezja
60%
Turkmenistan
60%
Kostaryka
59%
Laos
59%
Mali
59%
Tadżykistan
59%
Bangladesz
58%
Honduras
58%
Jordania
58%
Kirgistan
58%
Tajwan
58%
Liban
57%
Senegal
57%
Sudan Południowy
57%
Zambia
57%
Kambodża
56%
Wybrzeże Kości Słoniowej
56%
Zimbabwe
56%
Bahamy
55%
Gwatemala
55%
Ghana
54%
Malediwy
54%
Surinam
54%
Bhutan
53%
Nikaragua
53%
Fidżi
52%
Mjanma
52%
Republika Zielonego Przylądka
52%
Tanzania
52%
Belize
51%
Kuwejt
51%
Salwador
51%
Botswana
50%
Erytrea
50%
Gwinea Równikowa
50%
Kamerun
50%
Liberia
50%
Mauretania
50%
Mikronezja
50%
Mozambik
50%
Seszele
50%
Lesotho
49%
Namibia
49%
Republika Środkowoafrykańska
49%
Togo
49%
Uganda
49%
Wyspy Marshalla
48%
Wyspy Salomona
47%
Wyspy Świętego Tomasza i Książeca
47%
Gabon
46%
Gwinea Bissau
46%
Singapur
46%
Bahrajn
45%
Gambia
45%
Barbados
44%
Benin
44%
Burkina Faso
44%
Dżibuti
43%
Eswatini
43%
Kiribati
43%
Trynidad i Tobago
43%
Mauritius
42%
Rwanda
42%
Sierra Leone
42%
Komory
41%
Malawi
41%
Palau
41%
Saint Lucia
41%
Timor Wschodni
41%
Vanuatu
41%
Antigua i Barbuda
40%
Brunei
40%
Burundi
40%
Tonga
40%
Tuvalu
40%
Nauru
39%
Saint Kitts i Nevis
39%
Saint Vincent i Grenadyny
39%
Samoa
39%
Grenada
38%

Rozkład punktacji

Percentyl według liczby udzielonych odpowiedzi

Procent ludzi z każdym wynikiem

Twoja historia wyników

Nie rozwiązałeś tego quizu